Foundations of engineering geology (Record no. 186383)

000 -LEADER
fixed length control field 00365nam a2200145Ia 4500
008 - FIXED-LENGTH DATA ELEMENTS--GENERAL INFORMATION
fixed length control field 220217s9999||||xx |||||||||||||| ||und||
020 ## - INTERNATIONAL STANDARD BOOK NUMBER
International Standard Book Number 9780415469593
082 ## - DEWEY DECIMAL CLASSIFICATION NUMBER
Classification number 624.15
100 ## - MAIN ENTRY--PERSONAL NAME
Personal name Waltham, Tony
245 #0 - TITLE STATEMENT
Title Foundations of engineering geology
250 ## - EDITION STATEMENT
Edition statement 3rd
260 ## - PUBLICATION, DISTRIBUTION, ETC.
Place of publication, distribution, etc. spoon press
Name of publisher, distributor, etc. Abingdon
Date of publication, distribution, etc. 2009
300 ## - PHYSICAL DESCRIPTION
Extent 98p.
Other physical details 485
650 ## - SUBJECT ADDED ENTRY--TOPICAL TERM
Topical term or geographic name entry element GEOLOGY
Holdings
Withdrawn status Lost status Damaged status Not for loan Collection code Home library Current library Shelving location Date acquired Full call number Barcode Date last seen Price effective from Koha item type
        Civil Engineering Central Library Central Library Book Cart 02/18/2022 624.15 21572 02/18/2022 02/18/2022 Books

Powered by Koha